000 00814nam a2200205 a 4500
001 000043911
005 20201002045036.0
008 140508s1997 sp 000 0 spa d
020 _a847232768X
040 _aDO-SdBNP
_bspa
_cBNPHU
100 1 _aGonzález Ferrín, Emilio
_971808
245 1 3 _aEl Diálogo Euro-Árabe :
_bla Unión Europea frente al sistema regional Árabe /
_cEmilio González Ferrín ; prólogo Senén Florensa.
260 _aMadrid :
_bAgencia Española de Cooperación Internacional,
_c1997.
300 _a391 p. ;
_c25 cm.
490 1 _aPolítica Árabe contemporánea
504 _aBibliografía : p. 349-390
504 _aIncluye referencias bibliográficas y notas al pie de las páginas
700 1 2 _aFlorensa, Semén
_epról.
_971809
830 0 _aPolítica Árabe contemporanea
_971810
999 _c43400
_d43400